00660nam a2200205 i 4500001000400000100002600004245011700030260004200147300002500189490003000214504002400244600001100268655003000279700002800309700003000337830002500367040000800392041001300400008004100413bgj1 aHORACE,d(65-8 B.C.).10aThe Collected Works of Horace /ctranslated by Lord Dunsany and Michael Oakley ; introduction by Michael Oakley. aLondon :bJ. M. Dent and Sons,c1967. aXI, 304 pp ;c21 cm.1 aEveryman's Library ;v515 aBibliography p. XI.19aHorace aTranslations into English1 aDUNSANY, Lord.etransl.1 aOAKLEY, Michael.etransl. aEveryman's Library ; cBPK1 aenghlat s uk f |000 0 eng